[Event "European Blitz 2022"]
[Site "Katowice POL"]
[Date "2022.12.16"]
[Round "19.83"]
[White "Brilej, Jaka"]
[Black "Dubnevych, Maksym"]
[Result "0-1"]
[WhiteTitle "FM"]
[WhiteElo "2336"]
[BlackElo "2139"]
[WhiteFideId "14618818"]
[BlackFideId "14184001"]
[EventDate "2022.12.16"]

1. d4 d5 2. c4 e6 3. Nc3 Nf6 4. cxd5 exd5 5. Bg5 c6 6. e3 Bd6 7. Bd3 O-O 8. Qc2
h6 9. Bh4 a5 10. Nge2 Na6 11. a3 Nc7 12. O-O Bxh2+ 13. Kh1 Bd6 14. f3 Be7 15.
Kg1 Ne6 16. Rad1 Re8 17. Bf2 b5 18. e4 b4 19. axb4 axb4 20. Nb1 dxe4 21. Bxe4
Nxe4 22. fxe4 Ba6 23. Rfe1 Rc8 24. Qb3 Qa5 25. d5 cxd5 26. exd5 Bc4 27. Qf3 Ng5
28. Qf4 Bc5 29. d6 Bxd6 30. Rxd6 Bxe2 31. Nd2 Bh5 32. Rxe8+ Rxe8 33. Nb3 Qa4 34.
Nc5 Qa1+ 35. Kh2 Qxb2 36. Bd4 Qe2 37. Rxh6 gxh6 38. Qf6 Nf3+ 39. Kh3 Nxd4 0-1

[Event "European Blitz 2022"]
[Site "Katowice POL"]
[Date "2022.12.16"]
[Round "19.84"]
[White "Bochnicka, Vladimir ml."]
[Black "Rog, Bartlomiej"]
[Result "1/2-1/2"]
[WhiteTitle "FM"]
[WhiteElo "2367"]
[BlackElo "1969"]
[WhiteFideId "14943450"]
[BlackFideId "21857377"]
[EventDate "2022.12.16"]

1. e4 d6 2. d4 g6 3. Nf3 Bg7 4. Bc4 Nf6 5. Qe2 c6 6. Bb3 O-O 7. O-O Bg4 8. Nbd2
Nbd7 9. h3 Bxf3 10. Nxf3 e5 11. Rd1 Qe7 12. dxe5 Nxe5 13. Bf4 Nxf3+ 14. Qxf3
Nxe4 15. Re1 d5 16. c4 Rad8 17. cxd5 cxd5 18. Rad1 Qc5 19. Bxd5 Rxd5 20. Rxd5
Qxd5 21. Qxe4 Qxa2 22. Qxb7 Qxb2 23. Qf3 a5 24. Bd6 Rd8 25. Bc7 Rc8 26. Bxa5 Bc3 1/2-1/2

[Event "European Blitz 2022"]
[Site "Katowice POL"]
[Date "2022.12.16"]
[Round "19.85"]
[White "Rekuc, Patryk"]
[Black "Garcia Martin, Marta"]
[Result "1-0"]
[BlackTitle "IM"]
[WhiteElo "1755"]
[BlackElo "2301"]
[WhiteFideId "21898197"]
[BlackFideId "32084030"]
[EventDate "2022.12.16"]

1. e4 e5 2. Nf3 Nc6 3. Bc4 Nf6 4. d3 Bc5 5. c3 d6 6. Nbd2 a6 7. Bb3 Ba7 8. h3 h6
9. Bc2 d5 10. exd5 Nxd5 11. Ne4 O-O 12. O-O Be6 13. Re1 Re8 14. Bd2 Qd7 15. Qc1
f5 16. Ng3 f4 17. Ne4 Rad8 18. Qd1 Kh8 19. Nh4 Qf7 20. Qe2 g5 21. Nf3 g4 22. Nh2
gxh3 23. gxh3 Bxh3 24. Kh1 Rg8 25. Rg1 Nde7 26. Qf3 Be6 27. Rae1 Nf5 28. Bb3
Bxb3 29. axb3 Rxg1+ 30. Rxg1 Rg8 31. Rxg8+ Qxg8 32. Qh5 Nce7 33. Ng4 Qe6 34.
Qe8+ Kg7 35. Nef6 Qf7 36. Nh5+ Kg6 37. Nxe5+ 1-0

[Event "European Blitz 2022"]
[Site "Katowice POL"]
[Date "2022.12.16"]
[Round "19.86"]
[White "Pein, Jonathan"]
[Black "Zamekhovskiy, Yevgen"]
[Result "1-0"]
[WhiteTitle "CM"]
[WhiteElo "2252"]
[BlackElo "2095"]
[WhiteFideId "417092"]
[BlackFideId "14174413"]
[EventDate "2022.12.16"]

1. e4 c6 2. d4 d5 3. Bd3 dxe4 4. Bxe4 Nf6 5. Bf3 g6 6. Ne2 Bg7 7. O-O O-O 8. c4
Bg4 9. Bxg4 Nxg4 10. Nbc3 a5 11. h3 Nf6 12. Be3 Na6 13. Qb3 Qd7 14. Rfd1 Nc7 15.
Na4 Rab8 16. Qb6 Ne6 17. d5 cxd5 18. cxd5 Qxa4 19. dxe6 fxe6 20. Qxe6+ Kh8 21.
Qxe7 Rfe8 22. Qf7 Rf8 23. Qc7 Rfc8 24. Qf4 Qb5 25. Bd4 Rf8 26. Nc3 Qc6 27. Qh4
Rbe8 28. Rac1 Qa6 29. b3 b5 30. Qg5 Kg8 31. Qxb5 Qa8 32. Qc4+ Kh8 33. Na4 Qb7
34. Be3 Ne4 35. Nc5 Nxc5 36. Bxc5 Rf5 37. Be3 Ref8 38. Rd2 Qb8 39. Rcd1 h5 40.
Qd3 Qe5 41. Bd4 Qf4 42. Be3 Qe5 43. Qd6 Qxd6 44. Rxd6 a4 45. Rxg6 axb3 46. axb3
Kh7 47. Rg5 Rxg5 48. Bxg5 Rb8 49. Rb1 Kg6 50. Bf4 Rb5 51. Be3 Kf5 52. Kf1 Ke4
53. Ke2 Ra5 54. f3+ Kd5 55. Kd3 Ra2 56. g4 hxg4 57. hxg4 Be5 58. f4 Bg7 59. g5
Rg2 60. f5 Be5 61. g6 Rg3 62. Rg1 Rxe3+ 63. Kxe3 Bd4+ 64. Kf3 Bxg1 65. g7 1-0

[Event "European Blitz 2022"]
[Site "Katowice POL"]
[Date "2022.12.16"]
[Round "19.87"]
[White "Koziorowicz, Michal"]
[Black "Ribeiro, Gustavo"]
[Result "0-1"]
[WhiteTitle "FM"]
[WhiteElo "2348"]
[BlackElo "1836"]
[WhiteFideId "21809194"]
[BlackFideId "1941852"]
[EventDate "2022.12.16"]

1. e4 c5 2. Nf3 Nc6 3. Bb5 Qb6 4. Nc3 Nd4 5. Bd3 Nxf3+ 6. Qxf3 d6 7. Nd5 Qd8 8.
Bb5+ Bd7 9. Bxd7+ Qxd7 10. c4 e6 11. Nc3 Nf6 12. O-O Be7 13. Rd1 O-O 14. b3 e5
15. d3 Ne8 16. Qf5 Rd8 17. Nd5 Nc7 18. Qxd7 Rxd7 19. Nxc7 Rxc7 20. f4 exf4 21.
Bxf4 Rd7 22. Re1 Bf6 23. Rad1 Bd4+ 24. Be3 Bxe3+ 25. Rxe3 Re7 26. d4 Rfe8 27.
dxc5 dxc5 28. Rd5 b6 29. Kf2 f6 30. Kf3 Kf7 31. g4 Re5 32. h4 g6 33. g5 Ke6 34.
Red3 fxg5 35. Rd7 Kf6 36. hxg5+ Kxg5 37. R3d5 h5 38. Rxa7 h4 39. Rh7 Rf8+ 0-1

[Event "European Blitz 2022"]
[Site "Katowice POL"]
[Date "2022.12.16"]
[Round "19.88"]
[White "Grineva, Marianna"]
[Black "Solys, Laimutis"]
[Result "0-1"]
[WhiteTitle "WFM"]
[BlackTitle "FM"]
[WhiteElo "2020"]
[BlackElo "2289"]
[WhiteFideId "14102013"]
[BlackFideId "12800368"]
[EventDate "2022.12.16"]

1. e4 d6 2. d4 Nf6 3. Nc3 e5 4. Nf3 Nbd7 5. g4 g6 6. g5 Nh5 7. h4 Bg7 8. Be2 O-O
9. Be3 c6 10. dxe5 dxe5 11. Qd2 Qe7 12. O-O-O Nc5 13. Ne1 Nf4 14. f3 Nxe2+ 15.
Qxe2 Ne6 16. Ng2 b5 17. Qf2 a5 18. Rdg1 a4 19. h5 b4 20. Ne2 b3 21. a3 bxc2 22.
Qh4 Bh8 23. Ng3 Nd4 24. Bxd4 exd4 25. Ne1 Ba6 26. Nxc2 d3 27. Ne3 d2+ 28. Kb1
Bd3+ 29. Ka2 Qe6+ 30. Ka1 Bxb2+ 31. Kxb2 Qb3+ 32. Ka1 Qxa3# 0-1

[Event "European Blitz 2022"]
[Site "Katowice POL"]
[Date "2022.12.16"]
[Round "19.89"]
[White "Domenech, Vianney"]
[Black "Putlak, Wojciech"]
[Result "0-1"]
[WhiteElo "2249"]
[BlackElo "1992"]
[WhiteFideId "656089"]
[BlackFideId "1183303"]
[EventDate "2022.12.16"]

1. d4 Nf6 2. Bf4 e6 3. e3 d5 4. Nd2 Bd6 5. Bg3 c5 6. c3 Qc7 7. Ngf3 Nbd7 8. dxc5
Bxg3 9. hxg3 Nxc5 10. Be2 Nce4 11. Nxe4 Nxe4 12. Bd3 Nf6 13. Rc1 O-O 14. g4 g6
15. g5 Ne4 16. Bxe4 dxe4 17. Nh2 Rd8 18. Qg4 Qe5 19. Qh4 Qd6 20. O-O e5 21. Qxe4
Bf5 22. Qh4 Qd2 23. Nf3 Qxb2 24. Nxe5 Qxa2 25. Rcd1 Qc2 26. Rc1 Qe4 27. Qg3 Rac8
28. Nf3 a5 29. Nd4 a4 30. Ra1 Ra8 31. Ra2 Qd5 32. Rfa1 b5 33. f3 Bd3 34. e4 Qc5
35. Kh2 Qxc3 36. Nf5 gxf5 37. Ra3 Qg7 38. exf5 Bxf5 39. Qf4 Be6 40. Rb1 Bb3 41.
Qe4 Qd4 42. Qc6 Qd6+ 43. Qxd6 Rxd6 44. Rbxb3 axb3 45. Rxa8+ Kg7 46. Ra1 b2 47.
Rb1 Rd2 48. Kg3 Kg6 49. f4 Kf5 50. Kf3 Rd3+ 51. Ke2 Rb3 52. g3 Rxg3 53. Kf2 Rb3
54. Ke2 Kxf4 0-1

[Event "European Blitz 2022"]
[Site "Katowice POL"]
[Date "2022.12.16"]
[Round "19.90"]
[White "Kastelik, Adrian"]
[Black "Radecki, Adam"]
[Result "1-0"]
[WhiteElo "2091"]
[BlackElo "2012"]
[WhiteFideId "1134701"]
[BlackFideId "1197347"]
[EventDate "2022.12.16"]

1. e4 c5 2. c3 e6 3. d4 d5 4. exd5 exd5 5. Bb5+ Nc6 6. Nf3 Bd6 7. O-O Ne7 8.
dxc5 Bxc5 9. Nbd2 O-O 10. Nb3 Bd6 11. Nbd4 a6 12. Ba4 Bg4 13. Qd3 Qc7 14. Bc2
Ng6 15. Nf5 Bxf3 16. Qxf3 Bxh2+ 17. Kh1 Bf4 18. Qxd5 Rad8 19. Qf3 Bxc1 20. Raxc1
Nce5 21. Qg3 Rd2 22. Rfd1 Rfd8 23. Rxd2 Rxd2 24. Qe3 Rd8 25. Re1 h6 26. Ng3 Qc4
27. Bxg6 Nxg6 28. Qe4 Qxe4 29. Nxe4 Nf4 30. g3 Nd3 31. Re2 f5 32. Nd2 Nxb2 33.
Nb3 Na4 34. c4 Nb6 35. c5 Nc4 36. Re7 Rb8 37. Nd4 f4 38. Nf5 fxg3 39. Rxg7+ Kf8
40. Rxg3 Rc8 41. Nxh6 Rxc5 42. Ng4 Kf7 43. Kg2 Nd6 44. Rd3 Ke7 45. f4 b5 46. Kf3
b4 47. Ne3 a5 48. Kg4 Rc3 49. Nd5+ Ke6 50. Nxc3 bxc3 51. Rxc3 1-0

[Event "European Blitz 2022"]
[Site "Katowice POL"]
[Date "2022.12.16"]
[Round "19.91"]
[White "Jarocka, Liwia"]
[Black "Chyzy, Jakub"]
[Result "0-1"]
[WhiteTitle "FM"]
[BlackTitle "FM"]
[WhiteElo "2143"]
[BlackElo "2247"]
[WhiteFideId "21807558"]
[BlackFideId "21806209"]
[EventDate "2022.12.16"]

1. d4 Nf6 2. Nf3 d6 3. c4 Nbd7 4. Nc3 e5 5. e4 Be7 6. Be2 O-O 7. O-O c6 8. d5 c5
9. Ne1 Ne8 10. Nd3 f5 11. exf5 Rxf5 12. Bg4 Rf8 13. Be3 Ndf6 14. Bxc8 Qxc8 15.
h3 Qf5 16. a3 Ne4 17. Nxe4 Qxe4 18. Rc1 b5 19. b3 bxc4 20. bxc4 Rf6 21. Re1 Qf5
22. Rb1 Rg6 23. Kh1 Bg5 24. Qe2 Nf6 25. Bxg5 Qxg5 26. Qf1 Nh5 27. Re3 Rf8 28.
Rbe1 e4 29. Nb2 Qe5 30. Na4 Rgf6 31. Qg1 Rxf2 32. Rxe4 Ng3+ 33. Kh2 Nxe4+ 0-1

[Event "European Blitz 2022"]
[Site "Katowice POL"]
[Date "2022.12.16"]
[Round "19.92"]
[White "Polster, Christian"]
[Black "Prazak, Daniel"]
[Result "0-1"]
[WhiteTitle "FM"]
[WhiteElo "2235"]
[BlackElo "2007"]
[WhiteFideId "12965081"]
[BlackFideId "23709456"]
[EventDate "2022.12.16"]

1. e4 e6 2. d4 d5 3. Bd3 c5 4. exd5 exd5 5. dxc5 Bxc5 6. Nf3 Nf6 7. O-O O-O 8.
h3 Nc6 9. Nbd2 Re8 10. Nb3 Bb6 11. Bf4 Ne4 12. c3 Qf6 13. Bh2 Bf5 14. Nbd4 Nxd4
15. cxd4 Rad8 16. Be5 Qe6 17. Rc1 Rc8 18. Qb3 Bg6 19. Bb5 Red8 20. Qe3 Bh5 21.
Nd2 Rxc1 22. Rxc1 Qxe5 23. dxe5 Bxe3 24. fxe3 Nxd2 25. Rc7 Nc4 26. Rxb7 Nxe3 27.
Rxa7 d4 28. a4 h6 29. Bd3 Bg6 30. Bxg6 fxg6 31. e6 d3 32. Rd7 Re8 33. Rxd3 Rxe6
34. b4 Nc4 35. Rc3 Nb6 36. a5 Nd5 37. Rb3 Ra6 38. Kf2 Kf7 39. Ke2 Ke6 40. Kd3
Kd6 41. Kc4 Rc6+ 42. Kb5 g5 43. Rd3 Rc3 44. Rd2 Rb3 45. Rd4 Ke5 46. Kc4 Rxb4+
47. Kc5 Rxd4 48. a6 Ra4 0-1

[Event "European Blitz 2022"]
[Site "Katowice POL"]
[Date "2022.12.16"]
[Round "19.93"]
[White "Aksonova, Tetiana"]
[Black "Kovalchuk, Victor"]
[Result "1/2-1/2"]
[WhiteTitle "WFM"]
[WhiteElo "2192"]
[BlackElo "1602"]
[WhiteFideId "14106086"]
[BlackFideId "14191334"]
[EventDate "2022.12.16"]

1. e4 c5 2. Nc3 g6 3. d3 Bg7 4. Be3 d6 5. Qd2 Nc6 6. g3 Rb8 7. Bg2 b5 8. Nge2 b4
9. Nd1 e6 10. O-O a5 11. f4 Nce7 12. g4 f5 13. gxf5 exf5 14. Ng3 Nh6 15. d4 cxd4
16. Bxd4 Bxd4+ 17. Qxd4 Qb6 18. Qxb6 Rxb6 19. Ne3 Kf7 20. Rad1 Rd8 21. e5 Be6
22. Rd2 Ke8 23. Rfd1 Nf7 24. exd6 Rbxd6 25. Rxd6 Rxd6 26. b3 Rxd1+ 27. Nxd1 Nd5
28. Ne2 Nd6 29. Kf2 Kd7 30. Ne3 Nxe3 31. Kxe3 Nb5 32. Nd4 Nxd4 33. Kxd4 Kd6 34.
c4 bxc3 35. Kxc3 Kc5 36. a3 h6 37. h4 Kd6 38. b4 axb4+ 39. axb4 Bd7 40. Kd4 Bb5
41. Bd5 Ke7 42. Kc5 Bd3 43. b5 Bxb5 44. Kxb5 Kf6 45. Kc4 g5 46. hxg5+ hxg5 1/2-1/2

[Event "European Blitz 2022"]
[Site "Katowice POL"]
[Date "2022.12.16"]
[Round "19.94"]
[White "Zerebiec, Maurycy"]
[Black "Aymerich Verdaguer, Eduard"]
[Result "0-1"]
[BlackTitle "CM"]
[WhiteElo "1917"]
[BlackElo "2208"]
[WhiteFideId "21816026"]
[BlackFideId "32049293"]
[EventDate "2022.12.16"]

1. c4 f5 2. Nc3 Nf6 3. g3 g6 4. Bg2 Bg7 5. d3 d6 6. e4 O-O 7. exf5 gxf5 8. Nge2
e5 9. O-O Nc6 10. d4 Bd7 11. dxe5 dxe5 12. Nd5 h6 13. Nxf6+ Rxf6 14. Nc3 Rd6 15.
Nd5 Nd4 16. Qh5 Be8 17. Qd1 c6 18. Nc3 Bf7 19. b3 e4 20. Bb2 Nf3+ 21. Bxf3 Rxd1
22. Bxd1 Qa5 23. Rc1 Rd8 24. a3 Rd2 25. b4 Qd8 26. Ba1 Bxc4 27. Re1 Bd4 28. Be2
Bxe2 29. Nxe2 Bxa1 30. Rxa1 Qd3 31. Nf4 Qf3 32. Rf1 Kf7 33. Rae1 Qxa3 34. Re3
Qxb4 35. Rfe1 a5 36. f3 Qd4 37. Kh1 Qb2 38. R3e2 Rxe2 39. Rxe2 Qb1+ 40. Kg2 a4
41. fxe4 fxe4 42. Nh3 a3 43. Nf2 a2 44. Nxe4 Qxe4+ 45. Rxe4 a1=Q 46. Rf4+ Kg6
47. h4 h5 0-1

[Event "European Blitz 2022"]
[Site "Katowice POL"]
[Date "2022.12.16"]
[Round "19.95"]
[White "Bokhnak, Timofey"]
[Black "Yao, Lan"]
[Result "0-1"]
[BlackTitle "WIM"]
[WhiteElo "2096"]
[BlackElo "2271"]
[WhiteFideId "14172976"]
[BlackFideId "8610835"]
[EventDate "2022.12.16"]

1. e4 c5 2. c3 Nf6 3. e5 Nd5 4. Bc4 Nb6 5. Bb3 d5 6. d4 cxd4 7. cxd4 Bf5 8. Nf3
e6 9. O-O Be7 10. Nc3 Nc6 11. Be3 O-O 12. Nd2 Na5 13. Qe2 Nxb3 14. Nxb3 Nc4 15.
Bc1 Rc8 16. g4 Bg6 17. f4 Be4 18. Nxe4 dxe4 19. Qxe4 Qd7 20. Rf2 Rfd8 21. Be3
Qc6 22. Qxc6 Rxc6 23. Re2 a5 24. Rd1 a4 25. Nc1 Nxe3 26. Rxe3 Rdc8 27. Nd3 Rc4
28. Re4 Rd8 29. Nc1 Bc5 30. Ne2 Bb6 31. Kf2 Rc2 32. Ke3 Rxb2 33. Nc3 a3 34. Na4
Rb5 35. Nxb6 Rxb6 36. Rd3 Ra8 37. d5 exd5 38. Rxd5 g6 39. Red4 Rb2 40. Rd2 Kg7
41. f5 Ra4 42. f6+ Kh6 43. Kf3 g5 44. h3 Kg6 45. Kg3 Rf4 46. Rd8 Rf1 47. Rg8+
Kh6 48. Rgd8 Ra1 49. h4 Raxa2 50. hxg5+ Kxg5 51. Rg8+ Kh6 52. g5+ Kh5 53. Rd4
Rg2+ 54. Kf3 Rxg5 55. Rh8 h6 56. Rh7 Rxe5 57. Rxf7 Rf5+ 58. Ke4 Rf1 59. Ke5 Re2+
60. Kd6 a2 61. Rd5+ Kh4 62. Ra5 a1=Q 63. Rxa1 Rxa1 64. Rh7 Kg5 65. f7 Rf1 66.
Kc7 Ref2 67. Kxb7 Rxf7+ 0-1

[Event "European Blitz 2022"]
[Site "Katowice POL"]
[Date "2022.12.16"]
[Round "19.96"]
[White "Reza, Wojciech"]
[Black "Myrmus, Mateusz"]
[Result "1/2-1/2"]
[WhiteTitle "FM"]
[WhiteElo "2290"]
[BlackElo "2012"]
[WhiteFideId "1151967"]
[BlackFideId "21825335"]
[EventDate "2022.12.16"]

1. c4 Nf6 2. Nf3 g6 3. g3 Bg7 4. Bg2 O-O 5. O-O d5 6. cxd5 Nxd5 7. Nc3 Nb6 8. d3
c6 9. Bf4 N8d7 10. Qd2 e5 11. Bh6 Qe7 12. Rac1 Rd8 13. Bxg7 Kxg7 14. Rfd1 f6 15.
Qc2 Nf8 16. d4 exd4 17. Nxd4 Ne6 18. Nf3 Bd7 19. Ne4 Be8 20. h4 Rxd1+ 21. Rxd1
Rd8 22. Rc1 Nd4 23. Nxd4 Rxd4 24. b3 Bf7 25. e3 Rd8 26. Nc5 Bd5 27. e4 Bf7 28.
a4 Qc7 29. b4 Nd7 30. b5 Qb6 31. bxc6 Qxc6 32. Nd3 Qxc2 33. Rxc2 Nb6 34. Nc5 Rc8
35. a5 Kg8 36. Bh3 Rc7 37. axb6 axb6 38. e5 fxe5 39. Re2 Rxc5 40. Rb2 b5 41. Bg2
b6 42. Kf1 Bc4+ 43. Ke1 Kf7 44. Kd2 Ke6 45. Ke3 Rc7 46. Be4 Ra7 47. h5 Ra3+ 48.
Kd2 gxh5 49. Bxh7 h4 50. gxh4 Rh3 51. Bg8+ Kd6 52. Bxc4 bxc4 53. Rxb6+ Kd5 54.
Rh6 Kd4 55. Rd6+ Ke4 56. Rh6 Rh2 57. Ke2 c3 58. Rc6 Kd4 59. Rh6 Rh1 60. Rd6+ Kc4
61. Rc6+ Kb3 62. Rb6+ Kc2 63. Rb4 Kc1 64. f3 c2 65. Kd3 Kd1 66. Rc4 c1=Q 67.
Rxc1+ Kxc1 68. Ke4 Rxh4+ 69. Kxe5 Kd2 70. f4 Ke3 71. f5 Ra4 72. f6 Ra5+ 73. Ke6
Ke4 74. f7 Ra6+ 75. Ke7 Ra7+ 76. Ke6 Ra8 77. Ke7 Ra7+ 78. Ke6 Ra6+ 79. Ke7 Ra7+
80. Ke6 Ra8 81. Ke7 Ra7+ 82. Ke6 Rxf7 83. Kxf7 Ke5 1/2-1/2

[Event "European Blitz 2022"]
[Site "Katowice POL"]
[Date "2022.12.16"]
[Round "19.97"]
[White "Trzebinski, Patryk"]
[Black "Salna, Aleksandras"]
[Result "1-0"]
[WhiteElo "1792"]
[BlackElo "2191"]
[WhiteFideId "21839034"]
[BlackFideId "12807575"]
[EventDate "2022.12.16"]

1. e4 c5 2. Nf3 Nc6 3. d4 cxd4 4. Nxd4 Nf6 5. Nc3 e5 6. Ndb5 d6 7. Nd5 Nxd5 8.
exd5 Nb8 9. c4 Nd7 10. Bd3 Be7 11. O-O O-O 12. f3 a6 13. Nc3 f5 14. Be3 b6 15.
b4 Bg5 16. Bf2 Bh4 17. g3 Bg5 18. Na4 a5 19. c5 axb4 20. cxd6 Bb7 21. Bb5 Nc5
22. Nxc5 bxc5 23. Bc6 Rf7 24. Bxc5 Ra5 25. Bf2 Qxd6 26. Qb3 h6 27. h4 Bf6 28.
Rac1 e4 29. fxe4 fxe4 30. Rfd1 Ra3 31. Qc2 Be5 32. Bxb7 Bxg3 33. Rf1 Bxf2+ 34.
Rxf2 Rg3+ 35. Rg2 Rxg2+ 36. Kxg2 Qg6+ 37. Kh1 Qg4 38. Qc8+ Qxc8 39. Bxc8 Rf2 40.
d6 Rd2 41. d7 e3 42. Re1 e2 43. Rxe2 1-0

[Event "European Blitz 2022"]
[Site "Katowice POL"]
[Date "2022.12.16"]
[Round "19.98"]
[White "Slusarczyk, Anna"]
[Black "Paehtz, Elisabeth"]
[Result "1-0"]
[BlackTitle "GM"]
[WhiteElo "1679"]
[BlackElo "2464"]
[WhiteFideId "21885079"]
[BlackFideId "4641833"]
[EventDate "2022.12.16"]

1. d4 e6 2. Nf3 Nf6 3. b3 d5 4. e3 g6 5. Bb2 Bg7 6. Bd3 O-O 7. O-O b6 8. Nbd2
Bb7 9. c4 Ne4 10. Qc2 f5 11. Rac1 c6 12. cxd5 exd5 13. b4 a6 14. Nb3 Qe7 15. a3
Nd7 16. Nfd2 Rae8 17. Rfe1 Bh6 18. f4 g5 19. fxg5 Qxg5 20. Nf3 Qg6 21. Qe2 Nd6
22. Qf2 Qe6 23. Qg3+ Kh8 24. Ne5 Nxe5 25. dxe5 Nc8 26. Bxa6 Rg8 27. Qf2 Bxa6 28.
Nd4 Qg6 29. Nxf5 Re6 30. Nd4 Bb7 31. Nxe6 Qxe6 32. Rf1 Ne7 33. Qf6+ Qxf6 34.
exf6 Ng6 35. f7+ 1-0

[Event "European Blitz 2022"]
[Site "Katowice POL"]
[Date "2022.12.16"]
[Round "19.99"]
[White "Kuzmicz, Krystian"]
[Black "Miturova, Magdalena"]
[Result "1-0"]
[WhiteTitle "IM"]
[BlackTitle "WIM"]
[WhiteElo "2466"]
[BlackElo "2147"]
[WhiteFideId "1119125"]
[BlackFideId "330221"]
[EventDate "2022.12.16"]

1. e4 e5 2. Nf3 Nc6 3. Nc3 Nf6 4. a3 d5 5. Bb5 d4 6. Ne2 Bd6 7. d3 Be6 8. O-O h6
9. Ng3 Qd7 10. Nh4 a6 11. Ba4 b5 12. Bb3 Bxb3 13. cxb3 g6 14. h3 Bf8 15. f4 Bg7
16. fxe5 1-0

[Event "European Blitz 2022"]
[Site "Katowice POL"]
[Date "2022.12.16"]
[Round "19.100"]
[White "Arkell, Keith C"]
[Black "Dzierzak, Radoslaw"]
[Result "0-1"]
[WhiteTitle "GM"]
[BlackTitle "FM"]
[WhiteElo "2406"]
[BlackElo "2211"]
[WhiteFideId "400270"]
[BlackFideId "1161407"]
[EventDate "2022.12.16"]

1. d4 Nf6 2. Nf3 e6 3. c4 Bb4+ 4. Bd2 a5 5. g3 d6 6. Bg2 Nbd7 7. O-O e5 8. Bg5
exd4 9. Nxd4 h6 10. Bf4 O-O 11. Nd2 a4 12. N2f3 Nc5 13. Qc2 Re8 14. Rad1 Bg4 15.
h3 Bh5 16. g4 Bg6 17. Nf5 Bxf5 18. gxf5 a3 19. b3 Nfe4 20. Nd4 Qf6 21. e3 c6 22.
Qc1 Rad8 23. Nc2 Bc3 24. Nxa3 Bb2 25. Qb1 Bxa3 26. b4 Nc3 27. Qc2 Nxd1 28. bxc5
Nc3 29. cxd6 Bxd6 30. Bxd6 Rxd6 31. e4 Red8 32. f4 Rd2 33. Qb3 Qd4+ 34. Kh1 Qe3
35. Rf3 Qe1+ 36. Bf1 Ne2 37. Qe3 Ng3+ 38. Kg1 Qxe3+ 39. Rxe3 Nxf1 40. Kxf1 Rxa2
41. Rb3 Rd1# 0-1

[Event "European Blitz 2022"]
[Site "Katowice POL"]
[Date "2022.12.16"]
[Round "20.1"]
[White "Navara, David"]
[Black "Sargsyan, Shant"]
[Result "1-0"]
[WhiteTitle "GM"]
[BlackTitle "GM"]
[WhiteElo "2684"]
[BlackElo "2645"]
[WhiteFideId "309095"]
[BlackFideId "13306766"]
[EventDate "2022.12.16"]

1. d4 Nf6 2. c4 e6 3. Nc3 Bb4 4. e3 O-O 5. Bd3 d5 6. cxd5 exd5 7. Ne2 b6 8. a3
Bxc3+ 9. bxc3 Ba6 10. Bxa6 Nxa6 11. Qd3 Nb8 12. O-O c5 13. f3 Nc6 14. Bb2 Re8
15. Ng3 Rc8 16. Rae1 cxd4 17. cxd4 Na5 18. e4 Nc4 19. Bc1 dxe4 20. fxe4 Ne5 21.
Qd2 Nc4 22. Qf2 Qd7 23. h3 Qe6 24. Bg5 Nd7 25. Nf5 f6 26. Bf4 Nf8 27. Qg3 Ng6
28. h4 Qd7 29. Bc1 Nf8 30. Bh6 Ne6 31. d5 Nc5 32. Bxg7 Nxe4 33. Nh6# 1-0

[Event "European Blitz 2022"]
[Site "Katowice POL"]
[Date "2022.12.16"]
[Round "20.2"]
[White "Adams, Michael"]
[Black "Pultinevicius, Paulius"]
[Result "0-1"]
[WhiteTitle "GM"]
[BlackTitle "GM"]
[WhiteElo "2688"]
[BlackElo "2561"]
[WhiteFideId "400041"]
[BlackFideId "12809390"]
[EventDate "2022.12.16"]

1. e4 c6 2. Nf3 d5 3. exd5 cxd5 4. Ne5 g6 5. d4 Bg7 6. Bb5+ Bd7 7. Nxd7 Nxd7 8.
c3 Nf6 9. O-O O-O 10. Re1 e6 11. Nd2 a6 12. Bd3 Qc7 13. a4 Ne8 14. Nf3 Nd6 15.
Bf4 Qc6 16. Qe2 Rfe8 17. h4 Nc4 18. Bxc4 dxc4 19. a5 Rac8 20. h5 Qd5 21. h6 Bf8
22. g3 f6 23. Be3 g5 24. Nd2 Rc6 25. Qh5 Rec8 26. f3 Qf5 27. f4 g4 28. Qxf5 exf5
29. Kf2 Kf7 30. Ra4 R6c7 31. Kg2 Bxh6 32. d5 Bf8 33. Nf1 Nc5 34. Rxc4 Nd3 35.
Rxc7+ Rxc7 36. Re2 Bc5 37. Bd2 Nxb2 38. Be3 Nc4 39. Bxc5 Rxc5 40. Re1 Rxd5 41.
Rb1 Rb5 42. Rd1 Ke7 43. Re1+ Kd7 44. Rd1+ Ke6 45. Re1+ Kd6 46. Rd1+ Rd5 47. Rb1
Nxa5 48. Ne3 Rc5 49. c4 Kc6 50. Rb4 b5 51. cxb5+ axb5 52. Kf2 Nc4 53. Nc2 Nd6
54. Nd4+ Kd5 55. Ne2 Rc4 56. Rb3 b4 57. Ke3 Kc5 58. Rd3 Ne4 59. Nd4 Rc3 60. Nxf5
Nd6 61. Nh6 f5 62. Kd2 Rxd3+ 63. Kxd3 Kd5 64. Ng8 Ke6 65. Nh6 Ne4 66. Nxg4 fxg4
67. Kxe4 h5 68. Kd3 h4 0-1

[Event "European Blitz 2022"]
[Site "Katowice POL"]
[Date "2022.12.16"]
[Round "20.3"]
[White "Ziska, Helgi Dam"]
[Black "Alonso Rosell, Alvar"]
[Result "0-1"]
[WhiteTitle "GM"]
[BlackTitle "GM"]
[WhiteElo "2546"]
[BlackElo "2561"]
[WhiteFideId "7200595"]
[BlackFideId "2270544"]
[EventDate "2022.12.16"]

1. e4 e5 2. Nf3 Nc6 3. Bb5 a6 4. Ba4 d6 5. O-O Bd7 6. c3 g6 7. Re1 Bg7 8. d4 Nf6
9. h3 O-O 10. Nbd2 Re8 11. Bc2 a5 12. Nf1 a4 13. a3 b5 14. Bg5 h6 15. Bh4 Na5
16. dxe5 dxe5 17. Ne3 Bc6 18. Qe2 Qc8 19. c4 bxc4 20. Nxc4 Bb5 21. Bd3 Qa6 22.
Bxf6 Bxf6 23. Ncxe5 Rab8 24. Bxb5 Qxb5 25. Nd3 Nb3 26. Rad1 Nd4 27. Qe3 Nc2 28.
Qxh6 Nxe1 29. Nfxe1 Rxe4 30. Nb4 Bg5 0-1

[Event "European Blitz 2022"]
[Site "Katowice POL"]
[Date "2022.12.16"]
[Round "20.4"]
[White "Deac, Bogdan-Daniel"]
[Black "Bartel, Mateusz"]
[Result "1/2-1/2"]
[WhiteTitle "GM"]
[BlackTitle "GM"]
[WhiteElo "2700"]
[BlackElo "2627"]
[WhiteFideId "1226380"]
[BlackFideId "1112635"]
[EventDate "2022.12.16"]

1. Nf3 d5 2. e3 Nf6 3. c4 c6 4. Nc3 Bf5 5. d4 e6 6. Nh4 Be4 7. f3 Bg6 8. Bd2
Nbd7 9. Nxg6 hxg6 10. Qc2 Bd6 11. O-O-O Rxh2 12. Rxh2 Bxh2 13. f4 Bg3 14. Be2
Bh4 15. Rh1 Ng8 16. e4 dxc4 17. Bxc4 Kf8 18. f5 Nb6 19. Bb3 exf5 20. exf5 Qxd4
21. fxg6 Rd8 22. gxf7 Nh6 23. Ne2 Qxd2+ 24. Qxd2 Rxd2 25. Kxd2 Bg5+ 26. Kc2 Nxf7
27. Nd4 Bf6 28. Ne6+ Ke7 29. Nc5 Nd6 30. Rh8 Nd7 31. Ne6 Nf5 32. Kb1 Ne5 33. Rb8
Nd6 34. Nf4 c5 35. Bd5 b6 36. Ra8 Nf5 37. Rxa7+ Kd6 38. Be4 Nd4 39. Nh5 Nc4 40.
Nxf6 gxf6 41. Bd3 Ne3 42. Rg7 c4 43. Be2 b5 44. Rg8 b4 45. Rc8 Kd7 46. Rxc4 Nxc4
47. Bxc4 Kd6 48. Kc1 Kc5 49. Bd3 Ne6 50. Kd2 Kd4 51. Bf5 Nf4 52. g3 Nh5 53. g4
Nf4 54. Kc2 Kc5 55. Bc8 Kc4 1/2-1/2